Guess the UFC fighters by their opponents - Statistics

General Stats
  • This quiz has been taken 432 times
  • The average score is 14 of 18
Answer Stats
Hint Answer % Correct
Alexander Gustafsson, Daniel Cormier, Stipe Miocic & Lyoto Machida Jon Jones
99%
Sean Strickland, Jan Blachowicz, Jamahal Hill & Khalil Rountree Alex Pereira
96%
Petr Yan, Henry Cejudo, Umar Nurmagomedov & Sean O'Malley Merab Dvalishvili
96%
Max Holloway, Dustin Poirier, Jose Aldo & Nate Diaz Conor McGregor
94%
BJ Penn, Nick Diaz, Matt Hughes & Michael Bisping Georges St-Pierre
86%
Charles Oliveira, Dan Hooker, Arman Tsarukyan & Renato Moicano Islam Makhachev
85%
Alexander Volkanovski, Max Holloway, Josh Emmet & Charles Oliveira Ilia Topuria
84%
Jose Aldo, Chad Mendes, Max Holloway & Yair Rodriguez Alexander Volkanovski
82%
Kevin Gastelum, Paulo Costa, Alex Pereira & Anderson Silva Israel Adesanya
80%
Ray Borg, John Dodson, Joseph Benavidez & Henry Cejudo Demetrious Johnson
73%
Robert Whittaker, Israel Adesanya, Darren Till & Sean Strickland Dricus Du Plessis
73%
Steve Erceg, Kai Asakura, Brandon Royval & Manel Kape Alexandre Pantoja
72%
Dominick Reyes, Aleksandar Rakic, Jamahal Hill & Glover Teixeira Jiri Prochazka
72%
Dustin Poirier, Michael Johnson, Tony Ferguson & Donald Cerrone Justin Gaethje
71%
Alistair Overeem, Cain Velasquez, Curtis Blaydes & Andrei Arlovski Francis Ngannou
63%
Frank Mir, Anthony Johnson, Volkan Oezdimir & Anderson Silva Daniel Cormier
62%
Rich Franklin, Vitor Belfort, Yushin Okami & Derek Brunson Anderson Silva
50%
Steven Graham, Kevin Randleman, Chuck Liddell & Tim Sylvia Randy Couture
35%
No matching quizzes found
Score Distribution
Percent of People with Each Score
Percentile by Number Answered
Your Score History
You have not taken this quiz